Currencies, capital flows and crises : a post Keynesian analysis of exchange rate determination /

Saved in:
Bibliographic Details
Main Author: Harvey, John T., 1961-
Format: Book
Language:English
Published: London : New York : Routledge, 2009.
Series:Routledge advances in heterodox economics ; 2.
Subjects:
Tags: Add Tag
No Tags, Be the first to tag this record!
LEADER 00958cam a22002894a 4500
001 011917543-6
005 20090708194303.0
008 080625s2009 enka b 001 0 eng
010 |a  2008027278 
020 |a 9780415777636 
020 |a 0415777631 
035 0 |a ocn233283671 
040 |a DLC  |c DLC  |d DLC 
050 0 0 |a HG3851  |b .H376 2009 
082 0 0 |a 332.4/56  |2 22 
100 1 |a Harvey, John T.,  |d 1961- 
245 1 0 |a Currencies, capital flows and crises :  |b a post Keynesian analysis of exchange rate determination /  |c John T. Harvey. 
260 |a London :  |a New York :  |b Routledge,  |c 2009. 
300 |a vii, 157 p. :  |b ill. ;  |c 24 cm. 
490 1 |a Routledge advances in heterodox economics 
504 |a Includes bibliographical references (p. [145]-151) and index. 
650 0 |a Money. 
650 0 |a Foreign exchange rates. 
650 0 |a Capital movements. 
830 0 |a Routledge advances in heterodox economics ;  |v 2. 
988 |a 20090406 
906 |0 DLC